Rekonfigurovateľné výrobné systémy - nová zbraň proti trhovým turbulenciám
Efektívne riešenia ako môžu podniky reagovať na časté turbulencie, predstavujú rekonfigurovateľné výrobné systémy (RMS - Reconfigurable Manufacturing Systems).
Na minha lista:
| Autor principal: | |
|---|---|
| Outros Autores: | |
| Formato: | Capítulo de Livro |
| Idioma: | eslovaco |
| Assuntos: | |
| Tags: |
Sem tags, seja o primeiro a adicionar uma tag!
|
MARC
| LEADER | 00000naa a2200000 4500 | ||
|---|---|---|---|
| 001 | 0167461 | ||
| 005 | 20231208113710.6 | ||
| 041 | 0 | |a slo | |
| 044 | |a SK | ||
| 245 | 1 | 0 | |a Rekonfigurovateľné výrobné systémy - nová zbraň proti trhovým turbulenciám |c Milan Gregor, Michal Haluška |
| 520 | |a Efektívne riešenia ako môžu podniky reagovať na časté turbulencie, predstavujú rekonfigurovateľné výrobné systémy (RMS - Reconfigurable Manufacturing Systems). | ||
| 610 | 2 | 0 | |a výroba |
| 610 | 2 | 0 | |a výrobcovia |
| 610 | 2 | 0 | |a modernizácia |
| 610 | 2 | 0 | |a systémy výrobné |
| 610 | 2 | 0 | |a technológie nové |
| 610 | 2 | 0 | |a inovácia |
| 610 | 2 | 0 | |a výroba štíhla |
| 100 | 1 | |a Gregor, Milan | |
| 700 | 1 | |a Haluška, Michal | |